<?xml version="1.0" encoding="UTF-8"?>
<record
    xmlns:xsi="http://www.w3.org/2001/XMLSchema-instance"
    xsi:schemaLocation="http://www.loc.gov/MARC21/slim http://www.loc.gov/standards/marcxml/schema/MARC21slim.xsd"
    xmlns="http://www.loc.gov/MARC21/slim">

  <leader>01373nam a22002777a 4500</leader>
  <controlfield tag="003">OSt</controlfield>
  <controlfield tag="005">20260512172223.0</controlfield>
  <controlfield tag="008">260512b        |||||||| |||| 00| 0 aze d</controlfield>
  <datafield tag="020" ind1=" " ind2=" ">
    <subfield code="a">9789952343199</subfield>
  </datafield>
  <datafield tag="040" ind1=" " ind2=" ">
    <subfield code="a">AZ-XaKU</subfield>
    <subfield code="b">aze</subfield>
    <subfield code="c">AZ-XaKU</subfield>
  </datafield>
  <datafield tag="041" ind1="0" ind2=" ">
    <subfield code="a">aze</subfield>
  </datafield>
  <datafield tag="050" ind1="1" ind2="4">
    <subfield code="a">ML420 .M98 .C355 2017</subfield>
  </datafield>
  <datafield tag="100" ind1="1" ind2=" ">
    <subfield code="a">&#xC7;&#x259;m&#x259;nli, Mustafa</subfield>
    <subfield code="d">1947 - ;</subfield>
    <subfield code="e">m&#xFC;&#x259;llif</subfield>
  </datafield>
  <datafield tag="245" ind1="1" ind2=" ">
    <subfield code="a">M&#xFC;t&#x259;llim M&#xFC;t&#x259;llimov</subfield>
    <subfield code="c">/ Mustafa &#xC7;&#x259;m&#x259;nli</subfield>
  </datafield>
  <datafield tag="264" ind1=" " ind2=" ">
    <subfield code="a">Bak&#x131;:</subfield>
    <subfield code="b">&#x15E;&#x259;rq-Q&#x259;rb,</subfield>
    <subfield code="c">2017</subfield>
  </datafield>
  <datafield tag="300" ind1=" " ind2=" ">
    <subfield code="a">120 s&#x259;hif&#x259; ;</subfield>
    <subfield code="b">&#x15F;&#x259;killi ;</subfield>
    <subfield code="c">21.5 sm</subfield>
  </datafield>
  <datafield tag="336" ind1=" " ind2=" ">
    <subfield code="a">text</subfield>
    <subfield code="b">txt</subfield>
    <subfield code="2">rdacontent</subfield>
  </datafield>
  <datafield tag="337" ind1=" " ind2=" ">
    <subfield code="a">unmediated</subfield>
    <subfield code="b">n</subfield>
    <subfield code="2">rdamedia</subfield>
  </datafield>
  <datafield tag="338" ind1=" " ind2=" ">
    <subfield code="a">volume </subfield>
    <subfield code="b">nc</subfield>
    <subfield code="2">rdacarrier</subfield>
  </datafield>
  <datafield tag="520" ind1=" " ind2=" ">
    <subfield code="a">Kitabda g&#xF6;rk&#x259;mli mu&#x11F;am ifa&#xE7;&#x131;s&#x131; M&#xFC;t&#x259;llim M&#xFC;t&#x259;llimovun h&#x259;yat v&#x259; yarad&#x131;c&#x131;l&#x131;&#x11F;&#x131; ara&#x15F;d&#x131;r&#x131;lm&#x131;&#x15F;, xan&#x259;nd&#x259;nin ifas&#x131;nda g&#xFC;n&#xFC;m&#xFC;z&#x259; g&#x259;lib &#xE7;atan "Mirz&#x259; H&#xFC;seyn s&#xE8;gah&#x131;", "Orta Mahur", "Bayat&#x131;-&#x15E;iraz", "Bayat&#x131;-Qacar" mu&#x11F;amlar&#x131; b&#x259;dii-publisistik dill&#x259; t&#x259;hlil edilmi&#x15F;dir.

M&#xFC;&#x259;llif m&#xFC;asir oxucuda M&#xFC;t&#x259;llim M&#xFC;t&#x259;llimovun &#x15F;&#x259;xsiyy&#x259;ti, bir s&#x259;n&#x259;tkar kimi &#xF6;z&#xFC;n&#x259;xas keyfiyy&#x259;tl&#x259;ri haqq&#x131;nda t&#x259;s&#x259;vv&#xFC;r yaratmaq &#xFC;&#xE7;&#xFC;n onu yax&#x131;ndan tan&#x131;yan, dinl&#x259;yicisi olan s&#x259;n&#x259;t adamlar&#x131;n&#x131;n xatir&#x259;l&#x259;rini q&#x259;l&#x259;m&#x259; alaraq kitaba &#x259;lav&#x259; etmi&#x15F;dir.</subfield>
  </datafield>
  <datafield tag="521" ind1=" " ind2=" ">
    <subfield code="a">&#xDC;mumi oxucu k&#xFC;tl&#x259;si</subfield>
  </datafield>
  <datafield tag="650" ind1=" " ind2="7">
    <subfield code="2">AZ-XaKU</subfield>
    <subfield code="a">musiqi&#x15F;&#xFC;nasl&#x131;q</subfield>
  </datafield>
  <datafield tag="655" ind1=" " ind2=" ">
    <subfield code="a">bioqrafiya</subfield>
  </datafield>
  <datafield tag="942" ind1=" " ind2=" ">
    <subfield code="c">BOOK</subfield>
  </datafield>
  <datafield tag="999" ind1=" " ind2=" ">
    <subfield code="c">432</subfield>
    <subfield code="d">432</subfield>
  </datafield>
  <datafield tag="952" ind1=" " ind2=" ">
    <subfield code="0">0</subfield>
    <subfield code="1">0</subfield>
    <subfield code="2">lcc</subfield>
    <subfield code="4">0</subfield>
    <subfield code="7">0</subfield>
    <subfield code="8">FA</subfield>
    <subfield code="a">KU</subfield>
    <subfield code="b">KUA</subfield>
    <subfield code="d">2026-05-12</subfield>
    <subfield code="l">0</subfield>
    <subfield code="o">ML429 ..M98 .C355 2017 C.2</subfield>
    <subfield code="p">0000001203</subfield>
    <subfield code="r">2026-05-12 17:23:00</subfield>
    <subfield code="t">2</subfield>
    <subfield code="w">2026-05-12</subfield>
    <subfield code="y">BOOK</subfield>
  </datafield>
  <datafield tag="952" ind1=" " ind2=" ">
    <subfield code="0">0</subfield>
    <subfield code="1">0</subfield>
    <subfield code="2">lcc</subfield>
    <subfield code="4">0</subfield>
    <subfield code="7">0</subfield>
    <subfield code="8">FA</subfield>
    <subfield code="a">KU</subfield>
    <subfield code="b">KUA</subfield>
    <subfield code="d">2026-05-12</subfield>
    <subfield code="l">0</subfield>
    <subfield code="o">ML429 ..M98 .C355 2017 </subfield>
    <subfield code="r">2026-05-12 17:26:25</subfield>
    <subfield code="t">1</subfield>
    <subfield code="w">2026-05-12</subfield>
    <subfield code="y">BOOK</subfield>
  </datafield>
</record>
